000 00431nam a2200157Ia 4500
008 210716s2003 xx 000 0 und d
020 _a073571181X
041 _aeng
082 _a004.6005 GUTL
100 _aGutman, Laura; Ayers, Patricia J; Booth, Donald S.
245 _aInside dreamweaver mx.
250 _a1
260 _aNew York
_bNew Riders Publishing
_c2003
300 _axxxvii,1301
650 _aComputer Fundamentals
999 _c189545
_d189545